Za tajomstvami krehkosti Zhovárame sa s akademickou maliarkou Naďou Rappensbergerovou-Jankovičovou

Podrobná bibliografia
Hlavní autori: Rappensbergerová-Jankovičová, Naďa, 1936- (Autor), Janek, Miroslav (Autor)
Médium: Článok
Jazyk:slovenčina
Fyzický popis:Obr. 1.
Predmet:

MARC

LEADER 00000nab a2200000 a 4500
001 vtls000355210
003 SK-MaSNL
005 20260302230620.0
008 160215c1989 xo 0 slo
015 |a SNBRB19rr/mm-uuuuu 
035 |a CL0355332 
040 |a SNKBUCL  |b slo  |c SNKBUCL  |e AACR2 
041 0 |a slo 
044 |a xo  |c SK 
080 |a 75.071.1  |2 1981 
080 |a 76.071.1  |2 1981 
080 |a 74/76.071.1.091  |2 1981 
080 |a 929 Rappensbergerová-Jankovičová, Naďa  |2 1981 
100 1 |a Rappensbergerová-Jankovičová, Naďa,  |d 1936-  |4 aut  |9 113130 
245 1 0 |a Za tajomstvami krehkosti  |b Zhovárame sa s akademickou maliarkou Naďou Rappensbergerovou-Jankovičovou  |c Naďa Rappensbergerová-Jankovičová, Miroslav Janek ; Jankovičová-Rappensbergerová p. Rappensbergerová-Jankovičová 
300 |b Obr. 1. 
600 1 7 |a Rappensbergerová-Jankovičová, Naďa,  |d 1936-  |2 snkbucl  |9 113130 
655 7 |a články z novín a časopisov  |2 snkbucl  |9 267496 
700 1 |a Janek, Miroslav  |4 aut  |9 361291 
700 1 |a Rappensbergerová-Jankovičová, Naďa,  |d 1936-  |4 aut  |9 113130 
773 0 |t Nové slovo  |g Roč. 31, č. 14 (1989), s. 13 
850 |a Slovenská národná knižnica v Martine  |a MTA001 
852 |a SNK  |b KIS3GCP 
958 |a BX 
958 |a RK 
992 |a RBX 
999 |c 1534539  |d 1536469